Nová norma systému manažérstva kvality ISO 9004: 2009

Osem základných stupňov manažérstva kvality uvedených v norme STN EN ISO 9004. Efektívny a účinný rozvoj stratégie a politiky organizácie. Zabezpečenie a poslanie cieľov. Kľúčové ukazovatele výkonnosti. Monitorovanie, meranie a analýza prostredia.

Gespeichert in:
Bibliographische Detailangaben
1. Verfasser: Bílý, Matej
Weitere Verfasser: Lakatoš, Peter, Šalgovičová, Jarmila
Format: Buchkapitel
Sprache:Slowakisch
Schlagworte:
Tags: Tag hinzufügen
Keine Tags, Fügen Sie das erste Tag hinzu!

MARC

LEADER 00000naa a2200000 4500
001 0118723
005 20231012070353.3
041 0 |a slo 
044 |a SK 
245 1 0 |a Nová norma systému manažérstva kvality  |b ISO 9004: 2009  |c Matej Bílý, Peter Lakatoš, Jarmila Šalgovičová 
520 |a Osem základných stupňov manažérstva kvality uvedených v norme STN EN ISO 9004. Efektívny a účinný rozvoj stratégie a politiky organizácie. Zabezpečenie a poslanie cieľov. Kľúčové ukazovatele výkonnosti. Monitorovanie, meranie a analýza prostredia. 
610 2 0 |a manažment strategický 
610 2 0 |a manažment znalostný 
610 2 0 |a plánovanie strategické 
610 2 0 |a plánovanie cieľové 
610 2 0 |a efektívnosť ekonomická 
610 2 0 |a benchmarking 
610 2 0 |a konkurencia 
610 2 0 |a kvalita 
610 2 0 |a certifikáty 
100 1 |a Bílý, Matej 
700 1 |a Lakatoš, Peter 
700 1 |a Šalgovičová, Jarmila